<?xml version="1.0" encoding="UTF-8"?>
<collection xmlns="http://www.loc.gov/MARC21/slim">
 <record>
  <leader>00943nam a2200241   4500</leader>
  <controlfield tag="001">1/52950</controlfield>
  <controlfield tag="008">210728s2016    gr            00| p gre d</controlfield>
  <datafield tag="020" ind1=" " ind2=" ">
   <subfield code="a">9786185119270</subfield>
  </datafield>
  <datafield tag="040" ind1=" " ind2=" ">
   <subfield code="a">GR-PeUP</subfield>
  </datafield>
  <datafield tag="082" ind1="0" ind2="0">
   <subfield code="a">889.14 ΓΕΩ</subfield>
  </datafield>
  <datafield tag="100" ind1="1" ind2=" ">
   <subfield code="a">Γεωργαλλίδης, Αντρέας,</subfield>
   <subfield code="d">1975-</subfield>
  </datafield>
  <datafield tag="245" ind1="1" ind2="0">
   <subfield code="a">Χρώματα απέναντι =</subfield>
   <subfield code="b">Colours across colours = Couleurs face a face = Farben gegenuder = Colori faccia a faccia = Colores frente a colores /</subfield>
   <subfield code="c">Andreas Georgallides.</subfield>
  </datafield>
  <datafield tag="246" ind1=" " ind2="1">
   <subfield code="a">Colours across colours.</subfield>
  </datafield>
  <datafield tag="246" ind1=" " ind2="1">
   <subfield code="a">Couleurs face a face.</subfield>
  </datafield>
  <datafield tag="246" ind1=" " ind2="1">
   <subfield code="a">Farben gegenuder.</subfield>
  </datafield>
  <datafield tag="246" ind1=" " ind2="1">
   <subfield code="a">Colori faccia a faccia.</subfield>
  </datafield>
  <datafield tag="246" ind1=" " ind2="1">
   <subfield code="a">Colores frente a colores.</subfield>
  </datafield>
  <datafield tag="260" ind1=" " ind2="1">
   <subfield code="a">Αθήνα :</subfield>
   <subfield code="b">Ίαμβος,</subfield>
   <subfield code="c">2016.</subfield>
  </datafield>
  <datafield tag="300" ind1=" " ind2=" ">
   <subfield code="a">37 σ. ;</subfield>
   <subfield code="c">23 εκ.</subfield>
  </datafield>
  <datafield tag="650" ind1=" " ind2="4">
   <subfield code="a">Νεοελληνική ποίηση.</subfield>
  </datafield>
  <datafield tag="650" ind1=" " ind2="0">
   <subfield code="a">Greek poetry.</subfield>
  </datafield>
  <datafield tag="852" ind1=" " ind2=" ">
   <subfield code="a">INST</subfield>
   <subfield code="b">UNIPILB</subfield>
   <subfield code="c">MAIN</subfield>
   <subfield code="e">20210728</subfield>
   <subfield code="h">889.14 ΓΕΩ</subfield>
   <subfield code="p">00175530</subfield>
   <subfield code="q">00175530</subfield>
   <subfield code="t">LOAN</subfield>
   <subfield code="y">0</subfield>
   <subfield code="4">1</subfield>
  </datafield>
  <datafield tag="960" ind1=" " ind2=" ">
   <subfield code="a">ΜΑΡΙΑ ΒΕΛ</subfield>
  </datafield>
 </record>
</collection>
